000 00581nam a2200205Ia 4500
003 OSt
005 20240614123822.0
008 230104s9999||||xx |||||||||||||| ||und||
020 _a007337699X
040 _cChuka University Library
050 _aHF 1008
_bD53 2009
100 _aDias Laura Portolese and Amith J. Shah
_915325
245 0 _aIntroduction to business
260 _aNew York
_bMcGraw-Hill
_c2009
300 _a522p, coloured illustration
650 _aBusiness
_99862
650 _aIndustrial management
_98563
650 _aSmall business
_915326
942 _cBK
_2lcc
999 _c5808
_d5808